Doing work based research : approaches to enquiry for insider-researchers /

Bibliographic Details
Main Author: Costley, Carol
Other Authors: Elliott, Geoffrey (Professor of post-compulsory education), Gibbs, Paul
Format: Book
Language:English
Published: Los Angeles : SAGE, [2010]
Subjects:

MARC

Tag First Indicator Second Indicator Subfields
LEADER 00000cam a2200000 a 4500
001 in00002575330
005 20191012063853.0
008 091126s2010 caua b 001 0 eng
015 |a GBA9C3546  |2 bnb 
015 |a GBA9C3545  |2 bnb 
016 7 |a 015443372  |2 Uk 
016 7 |a 015443371  |2 Uk 
019 |a 472867430 
020 |a 9781848606784 (pbk.) 
020 |a 1848606788 (pbk.) 
020 |a 9781848606777 (hbk.) 
020 |a 184860677X (hbk.) 
035 |a (OCoLC)ocn472867422 
035 |a (OCoLC)472867422 
040 |a UKM  |c UKM  |d YDXCP  |d BWK  |d C#P  |d UtOrBLW 
049 |a TXAM 
050 4 |a H62  |b .C67 2010 
082 0 4 |a 300.72  |2 22 
100 1 |a Costley, Carol. 
245 1 0 |a Doing work based research :  |b approaches to enquiry for insider-researchers /  |c Carol Costley, Geoffrey Elliott and Paul Gibbs. 
264 1 |a Los Angeles :  |b SAGE,  |c [2010] 
264 4 |c ©2010 
300 |a xix, 200 pages :  |b illustrations ;  |c 24 cm. 
336 |a text  |b txt  |2 rdacontent 
337 |a unmediated  |b n  |2 rdamedia 
338 |a volume  |b nc  |2 rdacarrier 
504 |a Includes bibliographical references and index. 
650 0 |a Social sciences  |x Research. 
650 0 |a Social sciences  |x Research  |x Methodology. 
700 1 |a Elliott, Geoffrey  |c (Professor of post-compulsory education) 
700 1 |a Gibbs, Paul. 
938 |a YBP Library Services  |b YANK  |n 100532201 
938 |a Blackwell Book Service UK  |b BBUK  |n L8843799  |c 21.99 
945 |a PromptCat  |b 15385 
946 |a stk 
947 |a A14840179749 
994 |a 92  |b TXA 
948 |a Cataloged  |b h  |c 2010/7/1  |d c  |e ibarton 
999 |a MARS 
999 f f |s a8a0137f-fb2c-36d7-8b53-518db8f512d0  |i f407bf70-9277-3387-ab0b-dcc9c1c09f98  |t 0 
952 f f |p ric  |a Texas A&M University  |b Rellis Campus  |c Joint Library Facility  |d Remote Storage  |t 0  |e H62 .C67 2010  |h Library of Congress classification  |i unmediated -- volume  |m A14840179749 
998 f f |a H62 .C67 2010  |t 0  |l Remote Storage